रेलवे भर्ती बोर्ड द्वारा आयोजित RRB सामान्य विज्ञान प्वाइटर (Record no. 67309)
[ view plain ]
| 000 -LEADER | |
|---|---|
| fixed length control field | 00453nam a22001097a 4500 |
| 082 ## - DEWEY DECIMAL CLASSIFICATION NUMBER | |
| Classification number | 500 |
| 100 ## - MAIN ENTRY--AUTHOR NAME | |
| Personal name | प्रसाद , एम . |
| 245 ## - TITLE STATEMENT | |
| Title | रेलवे भर्ती बोर्ड द्वारा आयोजित RRB सामान्य विज्ञान प्वाइटर |
| 260 ## - PUBLICATION, DISTRIBUTION, ETC. (IMPRINT) | |
| Place of publication | प्रयागराज |
| Name of publisher | ग्रीन वर्ल्ड |
| Year of publication | 2024 |
| 650 ## - SUBJECT ADDED ENTRY--TOPICAL TERM | |
| Topical Term | विज्ञान |
| 942 ## - ADDED ENTRY ELEMENTS (KOHA) | |
| Koha item type | Competitive Books |
| Withdrawn status | Lost status | Damaged status | Not for loan | Home library | Current library | Date acquired | Cost, normal purchase price | Full call number | Accession Number | Price effective from | Koha item type |
|---|---|---|---|---|---|---|---|---|---|---|---|
| MACL | MACL | 20/10/2024 | 132.00 | 500 | DPI002628 | 20/10/2024 | Competitive Books |









